Представление документа в формате RUSMARC

ПолеНазваниеЗначение
  Тип записи a
  Библиографический уровень m
001 Контрольный номер RU/SLIB/B/208778725
005 Дата корректировки 20201206204332.6
010 Индекс ISBN __
a ISBN 5-699-10013-x
d Цена 20-00
101 Язык документа __
a Язык текста rus
c Язык оригинала rus
200 Заглавие и сведения об ответственности 1_
a Заглавие Правила дорожного движения Российской Федерации
e Сведения, относящиеся к заглавию с изм., вступ. в действие с 01.01.2004 г.
b Общее обозначение материала Текст
210 Выходные данные __
a Место издания М.
c Издательство Эксмо
d Дата издания 2005
215 Физическое описание __
a Объем 64 с., [8] c. ил.
330 Аннотация __
a Аннотация Перечень действующих знаков дорожного движения, положения по допуску транспортных средств к эксплуатации, административные правонарушения в области дорожного движения.
606 Тематические рубрики __
a Основная рубрика Транспорт
z Хронологическая подрубрика 21 в.
y Географическая подрубрика Россия; РФ; Российская Федерация
606 Тематические рубрики __
a Основная рубрика Городской транспорт
610 Ключевые слова __
a Ключевые слова дорожно-транспортные происшествия; дорожные знаки; транспортные средства; управление автомобилями; безопасность дорожного движения; дорожное движение; безопасность движения; транспортные правонарушения; административные правонарушения
686 Индексы других классификаций __
a Классификационный индекс 39.808
801 Источник записи _0
a Страна RU
b Организация Муниципальное бюджетное учреждение культуры "Централизованная библиотечная система" г. Сургут (Центральная городская библиотека им. А. С. Пушкина)
g Правила каталогизации КиК/Котельникова
801 Источник записи _1
a Страна RU
b Организация Муниципальное бюджетное учреждение культуры "Централизованная библиотечная система" г. Сургут (Центральная городская библиотека им. А. С. Пушкина)
g Правила каталогизации КиК/Котельникова
852 Данные о местонахождении __
j Шифр хранения 39.808
c Каталожный индекс 39.808
i Авторский знак П 68
p Инвентарный номер Б/Н
901 Тип документа __
t Тип документа m
903 Характеристики (МАРС) __
a Дата передачи 20051007
990 Данные о заказе (DOS) __
j Количество экземпляров (DOS) 2
h N записи в КСУ для Б/У (DOS) 200510